Reálne investície- drahokamy

Investovanie do drahých kameňov a vznik obchodovania s diamantmi. Diamanty ako dlhodobo nadčasová a výhodná investícia. Strediská obchodovania, určovanie a vývoj cien diamantov. Ďalšie drahé kamene a investovanie na finančných trhoch.

Salvato in:
Dettagli Bibliografici
Autore principale: Vovková, Katarína, 1977-
Natura: Capitolo di libro
Lingua:slovacco
Soggetti:
Tags: Aggiungi Tag
Nessun Tag, puoi essere il primo ad aggiungerne!!

MARC

LEADER 00000nla$a2200000$$$4500
001 0127810
005 20240502072445.8
041 0 |a slo 
044 |a SK 
245 1 0 |a Reálne investície- drahokamy  |c Katarína Vovková 
520 |a Investovanie do drahých kameňov a vznik obchodovania s diamantmi. Diamanty ako dlhodobo nadčasová a výhodná investícia. Strediská obchodovania, určovanie a vývoj cien diamantov. Ďalšie drahé kamene a investovanie na finančných trhoch. 
610 2 0 |a trh finančný 
610 2 0 |a trh burzový 
610 2 0 |a obchody burzové 
610 2 0 |a stratégia investičná 
610 2 0 |a portfólio 
610 2 0 |a diverzifikácia 
610 2 0 |a stabilita finančná 
610 2 0 |a nerasty 
610 2 0 |a drahokamy 
610 2 0 |a zlato 
100 1 |a Vovková, Katarína, 1977-